HARD- Main Religions in a country - Statistics

General Stats
  • This quiz has been taken 165 times
  • The average score is 5 of 11
Answer Stats
Hint Answer % Correct
What is the main religion in Sri Lanka? Buddhism
89%
What is the main religion in Uzbekistan? Sunni Islam
83%
What is the main religion in Nigeria? Islam
73%
What is the main religion in South Korea? Buddhism
55%
What is the main religion in Mongolia? Buddhism
52%
What is the main religion in Seychelles? Catholicism
32%
What is the main religion in Gabon? Catholicism
31%
What is the main religion in Papua New Guinea? Protestantism
22%
What is the main religion in Micronesia? Catholicism
19%
What is the main religion in Montenegro? Orthodox Christianity
14%
What is the main religion in Tuvalu? Church of Tuvalu
6%
No matching quizzes found
Score Distribution
Percent of People with Each Score
Percentile by Number Answered
Your Score History
You have not taken this quiz